000 00645nam a2200241Ia 4500
003 OSt
005 20220918183558.0
006 a|||||r|||| 00| 0
007 ta
008 220917b |||||||| |||| 00| 0 eng d
024 _a39,028
037 _cTextual
040 _aARTS
_cARTS
_beng
041 _2eng
_aeng
082 _aO15:1A2, 111H6
100 _aSrinivasachariar A M
_963151
245 0 _aMahabarata condensed in the poet's own words tr by V Raghavan
250 _a3rd
260 _c1946
650 _aENGLISH LITERATURE
942 _hO15:1A2, 111H6
_cTEXL
_2CC
999 _c173118
_d173118